Crime prevention: theory, policy and politics (Record no. 391845)

000 -LEADER
fixed length control field 00421cam a22001457a 4500
008 - FIXED-LENGTH DATA ELEMENTS--GENERAL INFORMATION
fixed length control field 180718b1997 xxu||||| |||| 00| 0 eng d
020 ## - INTERNATIONAL STANDARD BOOK NUMBER
International Standard Book Number 1857284917
082 ## - DEWEY DECIMAL CLASSIFICATION NUMBER
Classification number Q86 G415
100 ## - MAIN ENTRY--PERSONAL NAME
Personal name Gilling, Daniel
245 ## - TITLE STATEMENT
Title Crime prevention: theory, policy and politics
Statement of responsibility, etc. by Daniel Gilling
260 ## - PUBLICATION, DISTRIBUTION, ETC.
Place of publication, distribution, etc. London
Name of publisher, distributor, etc. UCL Press
Date of publication, distribution, etc. 1997
300 ## - PHYSICAL DESCRIPTION
Extent 229p.
650 ## - SUBJECT ADDED ENTRY--TOPICAL TERM
Topical term or geographic name entry element Criminal justice, Administration of
650 ## - SUBJECT ADDED ENTRY--TOPICAL TERM
Topical term or geographic name entry element Crime prevention
Holdings
Withdrawn status Lost status Damaged status Not for loan Permanent Location Current Location Date acquired Full call number Barcode Date last seen Price effective from Koha item type
        Indian Institute of Public Administration Indian Institute of Public Administration 2000-03-26 Q86 G415 74976 2018-07-21 2018-07-21 Book

Powered by Koha